000 01086nac a22003011i 4500
003 EG-ScBUE
005 20230314135251.0
008 230314s2006 enkab f b 001 0 eng d
020 _a0521542510 (pbk.)
020 _a9780521542517
040 _aEG-ScBUE
_beng
_erda
_cEG-ScBUE
_dEG-ScBUE
082 0 4 _a792.094209
_bDIL
_222
100 1 _aDillon, Janette,
_eauthor.
245 1 4 _aThe Cambridge introduction to early English theatre /
_cJanette Dillon.
264 1 _aCambridge :
_bCambridge University Press,
_c2006.
300 _axiv, 296 pages :
_billustrations, maps ;
_c24 cm.
336 _2rdacontent
_atext
_btxt
337 _2rdamedia
_aunmediated
_bn
338 _2rdacarrier
_avolume
_bnc
490 0 _aCambridge introductions to literature
504 _aIncludes bibliographical references and index.
650 7 _aTheater
_zEngland
_xHistory
_yMedieval, 500-1500.
_2BUEsh
650 7 _aTheater
_zEngland
_xHistory
_y16th century.
_2BUEsh
650 7 _aTheater
_zEngland
_xHistory
_y17th century.
_2BUEsh
653 _bART
655 _vReading book
942 _cBB
_2ddc
999 _c6456
_d6456